Rubber karshakarkkoru kaippusthakam (Malayalam).Ed.7 (Record no. 44416)

MARC details
000 -LEADER
fixed length control field 00321nam a2200121Ia 4500
082 ## - DEWEY DECIMAL CLASSIFICATION NUMBER
Classification number NR:63
Item number SAT
100 ## - MAIN ENTRY--AUTHOR NAME
Personal name Sathees Kumar, K G
245 #0 - TITLE STATEMENT
Title Rubber karshakarkkoru kaippusthakam (Malayalam).Ed.7
250 ## - EDITION STATEMENT
Edition statement 7
260 ## - PUBLICATION, DISTRIBUTION, ETC. (IMPRINT)
Place of publication Kottayam
Name of publisher Rubber Board
Year of publication 2010
942 ## - ADDED ENTRY ELEMENTS (KOHA)
Koha item type Books
Holdings
Withdrawn status Lost status Damaged status Not for loan Home library Current library Date acquired Source of acquisition Full call number Accession Number Koha item type
        RRII Library RRII Library 16/12/2021 Gift NR:63 SAT G01163 Books